European procurement abuse (Record no. 118353)
[ view plain ]
| 000 -LEADER | |
|---|---|
| fixed length control field | 01143cam a2200205 4500 |
| 001 - CONTROL NUMBER | |
| control field | WB@3612-86 |
| 008 - FIXED-LENGTH DATA ELEMENTS--GENERAL INFORMATION | |
| fixed length control field | 041123n2004 000 0 eng u |
| 035 ## - SYSTEM CONTROL NUMBER | |
| System control number | (Sirsi) u128086 |
| 245 ## - TITLE STATEMENT | |
| Title | European procurement abuse |
| 260 ## - PUBLICATION, DISTRIBUTION, ETC. | |
| Date of publication, distribution, etc. | 2004 |
| 490 ## - SERIES STATEMENT | |
| Series statement | Building |
| Volume/sequential designation | (269) 8358 19 November 2004, 15(1) |
| 520 ## - SUMMARY, ETC. | |
| Summary, etc. | The "Wood Review: investigating UK business experiences of competing for public contracts in other EU countries" has found that UK firms are unfairly missing out on work abroad because European clients flout directives on open procurement. The EU directives were meant to increase competition, lead to lower prices and encourage improved performance and innovation. However the report has found that contracts are awarded to national suppliers even when foreign bidders offer a better price. The report can be downloaded from: http://www.ogc.gov.uk/index.asp?id=1000084http://w ww.ogc.gov.uk/index.asp?id=1000084. |
| 590 ## - LOCAL NOTE (RLIN) | |
| Local note | WB |
| 590 ## - LOCAL NOTE (RLIN) | |
| Local note | WB |
| 650 ## - SUBJECT ADDED ENTRY--TOPICAL TERM | |
| Topical term or geographic name entry element | EU PROCUREMENT |
| 650 ## - SUBJECT ADDED ENTRY--TOPICAL TERM | |
| Topical term or geographic name entry element | PROCUREMENT METHODS |
| 650 ## - SUBJECT ADDED ENTRY--TOPICAL TERM | |
| Topical term or geographic name entry element | EUROPE |
| 690 ## - LOCAL SUBJECT ADDED ENTRY--TOPICAL TERM (OCLC, RLIN) | |
| Topical term or geographic name as entry element | BUILDING AND CONSTRUCTION-PROCUREMENT, PARTNERING, TENDERING |
| 942 ## - ADDED ENTRY ELEMENTS (KOHA) | |
| Suppress in OPAC | 0 |
| Withdrawn status | Lost status | Source of classification or shelving scheme | Damaged status | Not for loan | Home library | Current library | Shelving location | Date acquired | Total Checkouts | Full call number | Barcode | Date last seen | Copy number | Price effective from | Koha item type |
|---|---|---|---|---|---|---|---|---|---|---|---|---|---|---|---|
| Dewey Decimal Classification | London | London | News article | 23/11/2004 | WB4045-03 | 128086-1001 | 06/08/2019 | 1 | 06/08/2019 | News article |